000 01053cab a2200289 4500
001 WB3107-08
008 090401t1995 xxu||||| |||| 00| 0 eng d
035 _a(Sirsi) u3178
041 _aeng
245 _aDuty to discover asbestos perils
260 _c1995
350 _a0
490 _aTimes
_v15 February 1995, 38(1)
520 _a"Barclays Bank plc v Fairclough Building Ltd (No 2)" CA 26 January 1995. It was held that by 1988 at the latest a contractor dealing with asbestos materials should have been aware of the hazards. The contractor was in breach of contract.
650 _aASBESTOS CEMENT
650 _aMANAGEMENT-HEALTH AND SAFETY-HAZARDOUS SUBSTANCES-ASBESTOS
650 _aCLEANING
650 _aCONTROL OF ASBESTOS AT WORK REGULATIONS 1987
650 _aDUTY OF CARE
650 _aHEALTH HAZARDS
650 _aKNOWLEDGE
650 _aPUBLICITY
650 _aBUILT ENVIRONMENT-BUILDING ELEMENTS-COMPLETE BUILDING ELEMENTS-ROOFS
690 _aBUILDING AND CONSTRUCTION-CASE LAW
942 _n0
948 _c04/03/1997
999 _c1936
_d1936